000 00625nam a22002177a 4500
999 _c6205
_d6205
003 OSt
005 20190808120045.0
008 160427b xxu||||| |||| 00| 0 eng d
020 _a0226437256
040 _cDDC.
082 _a599.09676KIN 1984.
100 _aKingdon,Jonathan;
_98361
245 _aEast African Mammals.
_bAn Atlas of Evolution in Africa.
250 _aVolume IIID
260 _aChicago.
_bUniversity of Chicago Press.
_c1984
300 _a746p;
_bill;
_c30cm.
504 _aincludes Bibliography, checklists and index.
650 _aHares and Rodents
_98362
651 _2Biology.
942 _2ddc
_cO_SHELF